000 00651nam a22002177a 4500
003 UA-OsUOA
001 88466
007 ta
008 20121005b un ||||| |||| 00| 0 ukr d
100 _aПоляков М.
090 _a82.09
_bП 54
942 _cBK
040 _aUA-OsUOA
_brus
_cUA-OsUOA
_dUA-OsUOA
245 _aВ мире идей и образов
_bисторическая поэтика и теория жанров
955 _a2
041 _arus
080 _a82.09
260 _aМ.
_bСоветский писатель
_c1983
650 7 _a82 Література. Літературознавство
_2UDC
999 _c374293
_d374293